सामाजिक गटकार्य (Record no. 44189)

MARC details
000 -LEADER
fixed length control field 00516nam a2200181Ia 4500
008 - FIXED-LENGTH DATA ELEMENTS--GENERAL INFORMATION
fixed length control field 220531s9999 xx 000 0 und d
041 ## - LANGUAGE CODE
Language code of text/sound track or separate title mar
082 ## - DEWEY DECIMAL CLASSIFICATION NUMBER
Item number BAV/VAI
100 ## - MAIN ENTRY--PERSONAL NAME
Personal name बावीकर, रुमा आणि वैद्य, विद्या
9 (RLIN) 79891
245 ## - TITLE STATEMENT
Title सामाजिक गटकार्य
250 ## - EDITION STATEMENT
Edition statement 1ST
260 ## - PUBLICATION, DISTRIBUTION, ETC. (IMPRINT)
Place of publication, distribution, etc. Pune
Name of publisher, distributor, etc. Diamand
Date of publication, distribution, etc. 2016
300 ## - PHYSICAL DESCRIPTION
Extent 193
542 ## - INFORMATION RELATING TO COPYRIGHT STATUS
Copyright holder 26-03-2018
650 ## - SUBJECT ADDED ENTRY--TOPICAL TERM
Topical term or geographic name as entry element Sociology
9 (RLIN) 79892
906 ## - LOCAL DATA ELEMENT F, LDF (RLIN)
d 2017-2018
f 12201
Holdings
Withdrawn status Lost status Source of classification or shelving scheme Damaged status Not for loan Collection code Home library Current library Date acquired Vendor Cost, normal purchase price Total Checkouts Total Holds Full call number Barcode Date last seen Cost, replacement price Bill Date Koha item type Original Barcode
    Dewey Decimal Classification       Shri Siddhivinayak Mahila Mahavidyalaya Shri Siddhivinayak Mahila Mahavidyalaya 31/03/2018 Diamand 250.00   1 /BAV/VAI/B/24012 SSMM-BK-24012 06/08/2022 250.00 06/08/2022 Books 010024012